PEDIATRIC NURSING BNS-107 (Record no. 2412)
[ view plain ]
| 000 -LEADER | |
|---|---|
| fixed length control field | 00345nam a2200145Ia 4500 |
| 008 - FIXED-LENGTH DATA ELEMENTS--GENERAL INFORMATION | |
| fixed length control field | 220530s9999 xx 000 0 und d |
| 020 ## - INTERNATIONAL STANDARD BOOK NUMBER | |
| International Standard Book Number | 8126622555 |
| 100 ## - MAIN ENTRY--PERSONAL NAME | |
| Personal name | IGNOU |
| 9 (RLIN) | 61061 |
| 245 ## - TITLE STATEMENT | |
| Title | PEDIATRIC NURSING BNS-107 |
| 250 ## - EDITION STATEMENT | |
| Edition statement | FIRST |
| 260 ## - PUBLICATION, DISTRIBUTION, ETC. (IMPRINT) | |
| Place of publication, distribution, etc. | NAGPUR |
| Name of publisher, distributor, etc. | IGNOU |
| Date of publication, distribution, etc. | 2004 |
| 300 ## - PHYSICAL DESCRIPTION | |
| Extent | 70 |
| 650 ## - SUBJECT ADDED ENTRY--TOPICAL TERM | |
| Topical term or geographic name as entry element | CHILD HEALTH NURSING |
| 9 (RLIN) | 61062 |
| Withdrawn status | Lost status | Damaged status | Not for loan | Home library | Current library | Date acquired | Vendor | Cost, normal purchase price | Barcode | Date last seen | Bill Date | Koha item type | Original Barcode |
|---|---|---|---|---|---|---|---|---|---|---|---|---|---|
| Sitabai Nargundkar College of Nursing Nagpur | Sitabai Nargundkar College of Nursing Nagpur | 20/09/2014 | TEXTBOOK DONATED IGNOU,NAGPUR | 100.00 | SNCN-BK-1449 | 05/05/2023 | 31/05/2022 | Donated Book | 1449 | ||||
| Sitabai Nargundkar College of Nursing Nagpur | Sitabai Nargundkar College of Nursing Nagpur | 20/09/2014 | TEXTBOOK DONATED IGNOU,NAGPUR | 100.00 | SNCN-BK-1451 | 05/05/2023 | 31/05/2022 | Donated Book | 1451 | ||||
| Sitabai Nargundkar College of Nursing Nagpur | Sitabai Nargundkar College of Nursing Nagpur | 26/05/2016 | TEXTBOOK DONATED IGNOU | 100.00 | SNCN-BK-1705 | 05/05/2023 | 31/05/2022 | Donated Book | 1705 | ||||
| Sitabai Nargundkar College of Nursing Nagpur | Sitabai Nargundkar College of Nursing Nagpur | 26/05/2016 | TEXTBOOK DONATED IGNOU | 100.00 | SNCN-BK-1710 | 05/05/2023 | 31/05/2022 | Donated Book | 1710 |